1949 1524 1197 1880 1000 1632 1045 1076 1878 1916 1632 1643 1331 1587 1618 1918 1762 1144 1667 1987 1057 1862 1173 1513 1523 1569 1470 1731 1878 1383 1028 1062 1743 1749 1230 1076 1354 1391 1877 1579 1333 1554 1359 1605 1602 1734 1289 1420 1002 1441 1905 1521 1456 1787 1816 1732 1513 1953 1570 1109 1546 1802 1639 1867 1389 1875 1825 1552 1306 1614 1704 1271 1632 1089 1782 1373 1040 1162 1395 1320 1336 1078 1590 1443 1969 1018 1403 1891 1515 1236 1178 1625 1784 1898 1816 1965 1413 1313 1673 BCNSPRNW ULIB Ver.6.0+V

เปลี่ยนเป็นภาษาไทย

Change to English
 แสดงรายละเอียดบรรณานุกรม
  กลับหน้าหลัก

Brief Record : Get Marc (ISO 2709) : E-mail record : QR code < ปิดหน้าต่าง
LEADER : 00000nam 2200000uu 4500
001    13399113278
003     ULIB
008    111005s2550||||th 000 0 tha d
020    9789748460314
050  4 T173.8^bช851ก 2550
100 0  ไชย ณ พล อัครศุภเศรษฐ์
245 10 การสร้างสรรค์นวัตการ :^bศักยภาพการแข่งขันสู่โลกอนาคต = Creativity & innovation /^cไชย ณ พล อัครศุภเศรษฐ์
246 31 Creativity & innovation
246 34 การสร้างสรรค์นวัตการ :^bเพื่อศักยภาพการแข่งขันสู่โลกอนาคต
260    กรุงเทพฯ :^bเคล็ดไทย,^c2550
300    135 หน้า :^bภาพประกอบ ;^c21 ซม.
650  7 นวัตกรรมทางเทคโนโลยี
945    ^p199^l0^i024050
945    ^p199^l0^i024051
995    ทศพร
999 ^a ทศพร
รายการนี้ยังไม่มีแท็ก
คุณยังไม่ได้ล็อกอิน คุณสามารถมีกิจกรรมร่วมกับเว็บไซต์ได้ แต่ต้องล็อกอินก่อน ::
  ล็อกอิน

รายการสื่อสารสนเทศ

ลำดับที่ ประเภท เลขเรียก/บาร์โค้ด สถานที่ สถานะ
- ไม่พบข้อมูล -

รายการใกล้เคียง
    ผู้แต่ง [ไชย ณ พล อัครศุภเศรษฐ์]

    หัวเรื่อง [นวัตกรรมทางเทคโนโลยี]

BibComment


ยังไม่เคยถูกคอมเมนท์

คอมเมนท์ทรัพยากรรายการนี้
  คอมเมนท์: การสร้างสรรค์นวัต..


 Copyright 2026. Bcnsprnw @Library